000 00369nam a2200145Ia 4500
008 150201s2004 xx 000 0 und d
082 _a617.525
_bO2004K
100 _aKAPOOR,VINOD
245 _aTEXT BOOK OF ORAL & MAXILLOFACIAL SURGERY
250 _a2ND
260 _bARYA PUBLICATION
_aDELHI
_c2004
300 _a1-683
650 _aORAL SURGERY
942 _2ddc
_cBK
_04
999 _c3017
_d3017